000 00607nam a2200169 4500
001 138344
003 ES-MaACL
007 t|
008 070214s1946 sp r ||||1| spa d
100 1 _aSancho Barreda, Miguel.
_9103031
245 1 0 _aNociones y prácticas de Literatura Española /
_cpor Miguel Sancho Barreda ; corregida y aumentada por Antonio Palou Llaó.
250 _a3ª ed.
260 _aZaragoza :
_b[s. n.],
_c1946 (
_fTalleres tipográficos de los sucesores de Torres Virgili)
300 _a318 p. ;
_c22 cm.
700 1 _aPalou Llaó, Antonio.
_988719
852 _aES-MaACL
_jE-2006
_bR.23043
999 _c138344
_d138344